| 000 | 00000nam 2200000za 4500 |
| 001 | 9.822519 |
| 003 | CaOODSP |
| 005 | 20221107143709 |
| 007 | cr ||||||||||| |
| 008 | 160812s2007 qucabo ob f000 0 fre d |
| 020 | |z0-662-72672-3 |
| 040 | |aCaOODSP|bfre |
| 043 | |an-cn--- |
| 086 | 1 |aR64-105/39-2007F-PDF|zR64-105/39-2007F |
| 110 | 2 |aParcs Canada. |
| 245 | 10|aLieu historique national du Canada de la Bataille-de-la-Châteauguay |h[ressource électronique] : |bplan directeur. |
| 260 | |a[Gatineau, QC] : |bParcs Canada, Unité de gestion de l'Ouest du Québec, |cc2007. |
| 300 | |a49 p. : |bill., cartes en coul. |
| 500 | |a« Octobre 2007. » |
| 500 | |aPublié aussi en anglais sous le titre: Battle of the Châteauguay National Historic Site of Canada: management plan. |
| 504 | |aComprend des réf. bibliogr. |
| 530 | |aÉgalement publié en version imprimée. |
| 692 | 07|2gccst|aLieu historique |
| 692 | 07|2gccst|aGestion |
| 692 | 07|2gccst|aPlanification |
| 710 | 2 |aParcs Canada. |bUnité de gestion de l'Ouest du Québec. |
| 775 | 08|tBattle of the Châteauguay National Historic Site of Canada |w(CaOODSP)9.822515 |
| 776 | 0#|tLieu historique national du Canada de la Bataille-de-la-Châteauguay : |w(CaOODSP)9.683461 |
| 794 | |tLieu historique national du Canada de la Bataille-de-la-Châteauguay |w(CaOODSP)9.862976 |
| 856 | 40|qPDF|s5.29 Mo|uhttps://publications.gc.ca/collections/collection_2016/pc/R64-105-39-2007-fra.pdf |